| 000 | 00448nam a2200181Ia 4500 | ||
|---|---|---|---|
| 003 | GCL | ||
| 008 | 140319s9999 xx 000 0 eng d | ||
| 040 |
_aGCL / _cGCL |
||
| 082 | 0 | 4 |
_a618.92 _bV A |
| 100 | 1 | _aVALMAN, H.B | |
| 245 | 1 | 0 |
_aABC OF ONE TO SEVEN / _cVALMAN, H.B |
| 260 |
_a[S.N] : _bB M J PUBLISHING GROUP ، _c1995 |
||
| 300 | _a144 | ||
| 650 | 0 | 4 | _aPEDIATRICS |
| 650 | 0 | 4 | _aCHILD EARE |
| 650 | 0 | 4 | _aCHILD - HEALTH |
| 942 |
_2ddc _cBK |
||
| 999 |
_c10844 _d10844 |
||